000 01393nam2a2200241 4500
001 rc\2961098
005 20260315061039.0
035 _a(NLR Aleph) 007107782
090 _a13605133
_c13605133
100 _a20110902d1935 u y0rusy50 ca
101 0 _arus
102 _aRU
105 _ay z |||||
200 1 _aПолевые и лабораторные исследования устойчивости и прочности свай и шпунтовой стенки
210 _d1935
461 0 _1001rc\2961057
_12001#$aТруды Института$eвып. 82-$fНаркомвод СССР. ЦНИВТ. Центр. науч.-исслед. ин-т водного транспорта$vВып. 155
_96735982
_aЦентральный научно-исследовательский институт водного транспорта (Ленинград)
_cЛенинград
_d1933
_fНаркомвод СССР. ЦНИВТ. Центр. науч.-исслед. ин-т водного транспорта
_nГострансиздат, Ленингр. отд-ние
_oвып. 82-
_tТруды Института
_vВып. 155
700 1 _7ca
_8rus
_aЯропольский
_bИ. В.
_f1894-
_gИван Васильевич
_9143424
_3RU\NLR\AUTH\770143460
801 0 _aRU
_bNLR
_gpsbo
801 1 _aRU
_bELAR
_2rusmarc
852 _aNLR
_j34-19/181
942 _cUNSPEC
980 _aNB